000 00408nam a2200145Ia 4500
008 220217s9999||||xx |||||||||||||| ||und||
020 _a81-203-1176-0
082 _a621.381 5 BOY
100 _aBoylestad, Robert, L Nashelsky, Louis
245 0 _aElectronic devices and circuit theory
250 _a6th
260 _aPrentice hall of india
_bNew Delhi
_c1999
300 _b295
650 _aCIRCUITRY
999 _c165542
_d165542